Фалшивите огледала | Прозрачните витражи (Запис номер 114316)
[ съкратено ]
| 000 -Лидер | |
|---|---|
| Контролно поле с фиксирана дължина | 01699nam a2200361 c 4500 |
| 003 - Код на организацията, давaща контролен номер | |
| Контролно поле | BLK |
| 005 - Дата и час на последна редакция | |
| Контролно поле | 20220914150734.0 |
| 008 - Елементи от данни с фиксирана дължина | |
| fixed length control field | 180409b bul|||||r ||||||| ||bul|| |
| 010 ## - Наследен системен номер | |
| LC control number | KNG00119747000 |
| 020 ## - Международен стандартен номер на книга ISBN | |
| Международен стандартен номер на книга ISBN | 978-954-761-388-1 |
| -- | издат.: ИнфоДАР |
| 040 ## - Източник на каталожния запис | |
| Идентификатор на билиотеката - собственик на записа | BLK |
| 041 ## - Код за език | |
| Код за езика на текст/звукозапис или на отделно заглавие | Български |
| Код за езика КДБФ | Български |
| 072 #7 - Код за тематичната категория | |
| Код организация | bullib |
| Код за тематична категория | Н8302 |
| Текст | Фантастика Н |
| 080 ## - УДК | |
| Текстов определител УДК | Руска литература |
| УДК код - определител по УДК | 821.161.1 |
| УДК определител | -312.9 |
| УДК - код + определител | 821.161.1-312.9 |
| 100 1# - Редна дума - Автор | |
| Автор | Лукяненко, Сергей Василиевич |
| Авторска отговорност | първи автор |
| R(LIN) | 89889 |
| 139 ## - Редно поле | |
| Редна дума | Лукяненко, Сергей Василиевич |
| Авторски знак | Лук - Л 86 |
| 245 10 - Сведения за заглавието | |
| Заглавие | Фалшивите огледала |
| Редно поле (дума) | Сергей Василиевич Лукяненко; прев. Васил Константинов Велчев. |
| 245 10 - Сведения за заглавието | |
| Заглавие | Прозрачните витражи |
| Подзаглавни данни | Романи |
| Редно поле (дума) | |
| 257 ## - Страна на издаване | |
| Страна на създаване/издаване | Русия |
| 260 ## - Област на издателските данни | |
| -- | София |
| Име на издателя, разпространителя и проч. | ИнфоДАР |
| Година на издаване | 2009 |
| 300 ## - Физическа характеристика | |
| Страници | 620 с. |
| Размери/Мащаб | 20 см |
| 380 ## - Жанр | |
| Жанр | Худож. лит. |
| 500 ## - Общи забележки | |
| Забележка | 1. изд. на Фалшивите огледала 2002 на изд. Квазар в Кристална библиотека Фантастика, № 35. - Ориг. загл. Фальшивые зеркала ; Прозрачные витражи / Сергей Лукьяненко. Кн. 2 и 3 за Дълбината. |
| 653 ## - Ключова дума – ненормативна | |
| Ключова дума | фантастика |
| 653 ## - Ключова дума – ненормативна | |
| Ключова дума | романи |
| 659 ## - Тематичен бюлетин | |
| Тематичен бюлетин | Н |
| 700 1# - Други автори (авторска отговорност) | |
| Лично име | Велчев, Васил Константинов |
| Автороска отговорност (Описва отношението между автора и произведението) | прев. |
| 9 (RLIN) | 367601 |
| 852 ## - Местоположение | |
| Форматна сигнатура | Цб 248672 |
| 856 4# - Електронен адрес и достъп | |
| Електронен формат | pdf - файл |
| Път до файла /url/ | |
| 856 4# - Електронен адрес и достъп | |
| Електронен формат | pdf - файл |
| Път до файла /url/ | |
| 942 ## - АРТИКУЛИ | |
| Вид на библиотечния материал | Книги |
| Скрит в OPAC | Не |
| Koha issues (borrowed), all copies | 2 |
| 944 ## - СЪЗДАВАНЕ И РЕДАКЦИЯ на ЗАПИСА | |
| Създаване/Редакция | Създаване |
| Дата на регистрацията/редакция | 17.09.2010 |
| Статус, дата на статуса | ф / 16.09.2010 |
| Служител, извършил регистрацията/редакцията | Людмила_Стоянова |
| 944 ## - СЪЗДАВАНЕ И РЕДАКЦИЯ на ЗАПИСА | |
| Създаване/Редакция | Редакция |
| Дата на регистрацията/редакция | 30.12.2016 |
| Статус, дата на статуса | ф / 16.09.2010 |
| Служител, извършил регистрацията/редакцията | Людмила_Стоянова |
| 999 ## - СИСТЕМНИ КОНТРОЛНИ НОМЕРА | |
| Koha biblionumber | 114316 |
| Koha biblioitemnumber | 114316 |
| Код за отписване | Код за изгубен артикул | Код за повреда | Коз за рестрикции | Код за отдаване | Артикулен № | Име на библиотеката - собственик | Име на библиотеката, в която се намира в момента | Статус (Текущо местоположение) | Дата на вписване в системата | Местоположение - отдел | Цена в лева | Инвентарен номер | Систематично азбучна сигнатура | Баркод | Номер на екземпляра | Цена в евро | Служебна бележка | Служебен тип на артикула |
|---|---|---|---|---|---|---|---|---|---|---|---|---|---|---|---|---|---|---|
| Не е изгубен | Не е повреден | без рестрикции | ползва се в читалня | 182857 | Регионална библиотека "Любен Каравелов" Русе | Регионална библиотека "Любен Каравелов" Русе | Хранилище | 2010-09-02 | Хранилище | 13.00 | 120000745475 | Цб 248672 | 120000745475 | 1 | 6.65 | Дост: Dp Вид: Д N: 50 Дата: 02.12.2009 | Книги | |
| Не е изгубен | Не е повреден | без рестрикции | заемане за дома | 182858 | Регионална библиотека "Любен Каравелов" Русе | Регионална библиотека "Любен Каравелов" Русе | Заемна - подръчен фонд | 2016-12-21 | Заемна - подръчен фонд | 5.00 | 120000806889 | П 882-31/Л 86 | 120000806889 | 2 | 2.56 | Дост: Pk Вид: Ф N: 475 Дата: 19.12.2016 Дата инв: 12.02.2018 Бележки инв: П2018 | Книги |